000 00393cam a2200169 4500
001 D14435
008 090401t1937 xxu||||| |||| 00| 0 eng d
035 _a(Sirsi) u15705
041 _aeng
100 _aWhiffen, R.B.
245 4 _aThe Chattel Auctioneer`s handbook
260 _aLondon
_bEstates Gazette
_c1937
350 _a0
520 _aShelf 137
942 _n0
948 _c04/03/1997
999 _c87300
_d87300